[Event "New York op"]
[Site "New York"]
[Date "1998.03.17"]
[Round "4"]
[White "Benjamin, Joel"]
[Black "Kaufman, Larry C"]
[Result "1-0"]
[WhiteElo "2595"]
[BlackElo "2410"]

1.e4 e5 2.Nf3 Nc6 3.Bb5 a6 4.Ba4 Nf6 5.O-O Bc5 6.c3 b5 7.d4 bxa4 8.dxc5 Nxe4
9.Nxe5 Nxe5 10.Qd5 Bb7 11.Qxe5+ Qe7 12.Qxe7+ Kxe7 13.Re1 Kd8 14.Be3 Re8 15.Na3 Bd5
16.c4 Bc6 17.f3 Nf6 18.Nc2 Rb8 19.Bd4 Rxe1+ 20.Rxe1 d6 21.cxd6 cxd6 22.Ne3 Bd7
23.Rd1 Ne8 24.Bc3 f6 25.Rd4 Ke7 26.Kf2 Be6 27.Ke2 Nc7 28.Kd3 Rb7 29.Ba5 Ne8
30.Kc3 Rb8 31.Nd5+ Kd7 32.Nb6+ Kc6 33.Nxa4 Bf7 34.b3 Nc7 35.Bxc7 Kxc7 36.Re4 Re8
37.Rxe8 Bxe8 38.Kb4 Bg6 39.Ka5 Kb7 40.Nc3 Bd3 41.Nd5 Bf1 42.g3 Bg2 43.f4 Be4
44.Nb4 Bb1 45.a4 g5 46.Nxa6 Ba2 47.b4 Bxc4 48.b5 h5 49.h4 gxf4 50.gxf4 Be2
51.Nb4 Bf3 52.Nc2 Be4 53.Nd4 Bd3 54.Kb4 Be4 55.a5 Bd3 56.Nc6 Bb1 57.Ne7 Ba2
58.Nf5 Kc7 59.b6+ Kc6 60.Nd4+ Kb7 61.Kb5  1-0

[Event "Toronto op"]
[Site "Toronto"]
[Date "1998.05.14"]
[Round "1"]
[White "Benjamin, Joel"]
[Black "Rajlich, Vasik G"]
[Result "1-0"]
[WhiteElo "2595"]
[BlackElo "2265"]

1.e4 c5 2.Nf3 d6 3.c3 Nf6 4.Be2 g6 5.O-O Bg7 6.Bb5+ Nbd7 7.Re1 O-O 8.d4 a6
9.Bf1 e5 10.dxe5 Nxe5 11.Nxe5 dxe5 12.Qxd8 Rxd8 13.a4 Be6 14.Na3 Rac8 15.Nc4 Nh5
16.g3 b5 17.Na3 bxa4 18.Nc4 Rb8 19.Rxa4 Bc8 20.Be3 Rb5 21.Ra2 Nf6 22.f3 Ne8
23.Na5 Be6 24.c4 Bf8 25.cxb5 Bxa2 26.bxa6 Nc7 27.Ra1 Be6 28.Nb7 Rb8 29.Nxc5 Bxc5
30.Bxc5 Rxb2 31.a7 Na8 32.Rd1 Kg7 33.Rd8 Rb1 34.Rxa8 Bh3 35.Rg8+ Kh6 36.Kf2  1-0

[Event "Toronto op"]
[Site "Toronto"]
[Date "1998.05.15"]
[Round "2"]
[White "Garcia, Gildardo"]
[Black "Benjamin, Joel"]
[Result "0-1"]
[WhiteElo "2505"]
[BlackElo "2595"]

1.e4 e5 2.Nf3 Nc6 3.Bb5 a6 4.Ba4 Nf6 5.O-O Bc5 6.c3 b5 7.Bc2 d6 8.a4 Bg4
9.h3 Bh5 10.d3 O-O 11.Nbd2 d5 12.axb5 axb5 13.Rxa8 Qxa8 14.exd5 Nxd5 15.Ne4 Bb6
16.Ng3 Bg6 17.Nh4 b4 18.Nxg6 hxg6 19.Qf3 Nce7 20.Bb3 bxc3 21.bxc3 Qa5 22.Bg5 c6
23.c4 Nf6 24.Bxf6 gxf6 25.Qxf6 Bd8 26.Qd6 c5 27.Ne4 Nf5 28.Qxe5 Nd4 29.Bd1 Ne6
30.g3 Bc7 31.Nf6+ Kh8 32.Qe3 Kg7 33.Nd5 Bd6 34.h4 Rh8 35.Bg4 Nd4 36.h5 Qd8
37.hxg6 f5 38.Rb1 fxg4 39.Rb7+ Kxg6 40.Qe4+ Kh6 41.Kg2 Qg5 42.Rf7 Qh5 43.Rf4 Re8
44.Rf6+ Kg7 45.Qxe8 Qxe8 46.Rxd6 Qe2 47.Rd7+ Kh6 48.Rf7 Nc2 49.Rf6+ Kg7 50.Rg6+ Kf7
51.Rf6+ Ke8 52.Rf4 Ne1+ 53.Kg1 Nf3+ 54.Kg2 Ne1+ 55.Kg1 Qd1 56.Rxg4 Nxd3+
57.Kg2 Qc2 58.Re4+ Kd8 59.Kf3 Qxf2+ 60.Kg4 Qf7 61.Kg5 Qg7+ 62.Kf5 Qh7+  0-1

[Event "Toronto op"]
[Site "Toronto"]
[Date "1998.05.15"]
[Round "3"]
[White "Benjamin, Joel"]
[Black "Rozentalis, Eduardas"]
[Result "1/2-1/2"]
[WhiteElo "2595"]
[BlackElo "2610"]

1.e4 e5 2.Nf3 Nf6 3.Nxe5 d6 4.Nf3 Nxe4 5.d4 d5 6.Bd3 Be7 7.O-O Nc6 8.c4 Nf6
9.Nc3 O-O 10.a3 dxc4 11.Bxc4 Bg4  1/2-1/2

[Event "Toronto op"]
[Site "Toronto"]
[Date "1998.05.17"]
[Round "6"]
[White "Benjamin, Joel"]
[Black "Kudrin, Sergey"]
[Result "1-0"]
[WhiteElo "2595"]
[BlackElo "2565"]

1.e4 c5 2.Nf3 d6 3.d4 Nf6 4.dxc5 Qa5+ 5.Nc3 Nxe4 6.cxd6 Nxc3 7.bxc3 exd6
8.Bd3 Be7 9.O-O O-O 10.Rb1 Nd7 11.Re1 Bf6 12.Rb5 Qxa2 13.Ng5 Bxg5 14.Rxg5 g6
15.Bf1 Nc5 16.Qxd6 Ne6 17.Rg3 Ng7 18.Bh6 Be6 19.Bd3 Qd5 20.Qa3 Rfe8 21.Rge3 Nf5
22.c4 Qd7 23.Bxf5 Bxf5 24.Qxa7 f6 25.Qb6 Rxe3 26.Bxe3 Qc6 27.Qb2 Rd8 28.c5 Kf7
29.h3 g5 30.Bd4 Rd7 31.Re3 Re7 32.Qb3+ Re6 33.Rf3 Qe4 34.Bxf6 Qxc2 35.Qxc2 Bxc2
36.Bxg5+ Kg6 37.Be3 Be4 38.Rf4 Bc6 39.Kh2 Kg7 40.Bd4+ Kg6  1-0

[Event "Toronto op"]
[Site "Toronto"]
[Date "1998.05.18"]
[Round "9"]
[White "Benjamin, Joel"]
[Black "Kreiman, Boris"]
[Result "0-1"]
[WhiteElo "2595"]
[BlackElo "2445"]

1.e4 c6 2.d4 d5 3.e5 Bf5 4.Nf3 e6 5.Be2 Nd7 6.Nbd2 h6 7.Nf1 Ne7 8.Ng3 Bh7
9.c3 Qc7 10.O-O O-O-O 11.b4 f6 12.exf6 gxf6 13.Nh4 Ng6 14.Nxg6 Bxg6 15.Bh5 Bh7
16.Qf3 Bd6 17.Re1 e5 18.Nf5 Bxf5 19.Qxf5 exd4 20.cxd4 Bxb4 21.Re3 Bd6 22.Re6 Qa5
23.Be3 Bc7 24.g3 Qa3 25.Rb1 Qxa2 26.Kg2 Qa3 27.Bg4 Bb6 28.Bf4 h5 29.Bh3 Rhg8
30.Qxf6 Qc3 31.Re7 Qxd4 32.Qd6 Qxf2+ 33.Kh1 Qf3+ 34.Bg2 Qd3 35.Rc1 Rg6 36.Re6 Rxe6
37.Qxe6 Bc7 38.Bg5 Rf8 39.Bh6 Qf5 40.Qe3 Rh8 41.Bg5 Rg8 42.Bh4 Bb6 43.Qh6 Qe5
44.Rf1 Rh8 45.Qg6 Rf8 46.Rc1 Bd8 47.Bxd8 Rxd8 48.Bf3 Rh8 49.Kg2 h4  0-1

[Event "San Francisco Mechanics"]
[Site "San Francisco"]
[Date "1998.07.10"]
[Round "1"]
[White "Benjamin, Joel"]
[Black "Christiansen, Larry Mark"]
[Result "0-1"]
[WhiteElo "2595"]
[BlackElo "2575"]

1.e4 e5 2.Nf3 Nf6 3.Nxe5 d6 4.Nf3 Nxe4 5.d4 d5 6.Bd3 Be7 7.O-O Nc6 8.c4 Nb4
9.Be2 Be6 10.Nc3 O-O 11.Be3 Bf5 12.Qb3 c6 13.c5 Nxc3 14.bxc3 Nc2 15.Qxb7 Nxa1
16.Rxa1 Bf6 17.Qxc6 Re8 18.Qa4 h5 19.Bb5 Re4 20.Nd2 Re6 21.Bc6 Rb8 22.Nf1 Bd3
23.Bd7 Ra6 24.Qd1 Bg6 25.Bf4 Rb7 26.Qe2 Ra3 27.c6 Rxd7 28.cxd7 Qxd7 29.Qb2 Ra6
30.Re1 Kh7 31.Ne3 Rb6 32.Qd2 a5 33.h3 a4 34.Qe2 a3 35.Qf3 Re6 36.Rc1 Re4
37.Qg3 Qc6 38.Nf1 Re2 39.c4 Bxd4  0-1

[Event "San Francisco Mechanics"]
[Site "San Francisco"]
[Date "1998.07.11"]
[Round "2"]
[White "Atalik, Suat"]
[Black "Benjamin, Joel"]
[Result "1/2-1/2"]
[WhiteElo "2595"]
[BlackElo "2595"]

1.d4 d6 2.e4 Nf6 3.Nc3 g6 4.Be3 a6 5.a4 Bg7 6.Qd2 Nc6 7.Nf3 O-O 8.Be2 e5
9.dxe5 dxe5 10.Rd1 Qxd2+ 11.Rxd2 h6 12.Bc4 Be6 13.Bxe6 fxe6 14.Ke2 Rfd8 15.Rhd1 Rxd2+
16.Rxd2 Bf8 17.Ne1 Ng4 18.Nd1 b5 19.axb5 axb5 20.c3 Bd6 21.f3 Nxe3 22.Nxe3 Kf7
23.Nd3 Ke7 24.Kd1 h5 25.Kc2 Nd8 26.b4 c6 27.c4 Ra2+ 28.Kc3 Rxd2 29.Kxd2 Nf7
30.Nc5 Bc7 31.Nb3 Bb6 32.Kd3 Kd7 33.Na5 Nd6 34.cxb5 cxb5 35.Nb3 Kc6 36.Nc2 Nc4
37.Ke2 Kd6 38.Nd2 Nxd2 39.Kxd2 Bg1 40.h3 h4 41.Ne3 Bh2  1/2-1/2

[Event "San Francisco Mechanics"]
[Site "San Francisco"]
[Date "1998.07.13"]
[Round "4"]
[White "Gurevich, Dmitry"]
[Black "Benjamin, Joel"]
[Result "1/2-1/2"]
[WhiteElo "2540"]
[BlackElo "2595"]

1.d4 d6 2.Nf3 Bg4 3.c4 Nd7 4.Nc3 Bxf3 5.exf3 g6 6.Be3 Bg7 7.Rc1 e6 8.Qb3 b6
9.c5 bxc5 10.dxc5 Ne7 11.c6 Ne5 12.Ba6 O-O 13.O-O N5xc6 14.Nb5 Qd7 15.Qa4 Rfd8
16.Rc2 Nd5 17.Nxc7 Nxc7 18.Qxc6 Qxc6 19.Rxc6 Nd5 20.Bg5 Rdb8 21.Bc4 Rxb2
22.Rxd6 Rc8 23.Rc1 h6 24.Bxd5 Rxc1+ 25.Bxc1 Rb1 26.Bb3 Rxc1+ 27.Rd1  1/2-1/2

[Event "San Francisco Mechanics"]
[Site "San Francisco"]
[Date "1998.07.14"]
[Round "5"]
[White "Benjamin, Joel"]
[Black "Rey, Guillermo"]
[Result "1-0"]
[WhiteElo "2595"]
[BlackElo "2335"]

1.e4 e6 2.d4 d5 3.e5 c5 4.c3 Nc6 5.Nf3 Bd7 6.Be2 Nge7 7.O-O cxd4 8.cxd4 Nf5
9.Nc3 Rc8 10.a3 a6 11.Be3 Be7 12.Bd3 Nxe3 13.fxe3 O-O 14.Ne2 Na5 15.Nf4 g6
16.Qe2 Nb3 17.Rad1 Qb6 18.h4 Bb5 19.Qf2 Bxd3 20.Nxd3 Na5 21.b4 Nc4 22.Ra1 a5
23.h5 Kg7 24.Nf4 g5 25.Nxg5 Bxg5 26.Qg3 Qd8 27.Nh3 h6 28.Rf6 Rg8 29.Nxg5 hxg5
30.Qxg5+ Kf8 31.Qh6+ Ke8 32.Rxf7 Kxf7 33.Rf1+ Ke8 34.Qxe6+ Qe7 35.Qxc8+  1-0

[Event "San Francisco Mechanics"]
[Site "San Francisco"]
[Date "1998.07.15"]
[Round "6"]
[White "Lobo, Richard"]
[Black "Benjamin, Joel"]
[Result "0-1"]
[WhiteElo "2310"]
[BlackElo "2595"]

1.c4 e5 2.Nc3 Bb4 3.g3 Bxc3 4.bxc3 d6 5.Bg2 Nc6 6.d3 f5 7.f4 Nf6 8.Nh3 O-O
9.O-O Qe8 10.Nf2 Kh8 11.e4 fxe4 12.Nxe4 Nxe4 13.Bxe4 Bh3 14.Rf2 Qd7 15.Rb1 Rab8
16.Qf3 Ne7 17.Be3 c6 18.Qh5 h6 19.f5 d5 20.f6 Ng8 21.fxg7+ Qxg7 22.cxd5 Rxf2
23.Bxf2 Bg4 24.Qh4 cxd5 25.Bxd5 b6 26.Be3 Qg6 27.Be4 Qg7 28.Rf1 Be6 29.d4 Rc8
30.d5 Bg4 31.Bd2 Rc4 32.Bg2 Be2 33.Qh3 Bxf1 34.Bxf1 Ra4 35.d6 Rxa2 36.Be3 Ra1
37.Qf5 Rd1 38.Kg2 Rxd6 39.Bc4 Qb7+ 40.Kh3 Qd7  0-1

[Event "San Francisco Mechanics"]
[Site "San Francisco"]
[Date "1998.07.16"]
[Round "7"]
[White "Kobese, Watu"]
[Black "Benjamin, Joel"]
[Result "1/2-1/2"]
[WhiteElo "2330"]
[BlackElo "2595"]

1.e4 g6 2.d4 Bg7 3.Nf3 d6 4.Nc3 a6 5.a4 Bg4 6.Be2 Nc6 7.Be3 e5 8.dxe5 Bxf3
9.Bxf3 Nxe5 10.Be2 Ne7 11.Qd2 O-O 12.h4 Qd7 13.h5 Qe6 14.Bh6 Bxh6 15.Qxh6 f5
16.hxg6 Qxg6 17.Qh4 Qg7 18.O-O-O f4 19.Rh3 Rf6 20.f3 Raf8 21.Rdh1 R8f7 22.Qf2 c6
23.Rh5 N7g6 24.a5 Nf8 25.Na4 Rg6 26.Bf1 Rg5 27.R5h3 Rf6 28.Nb6 Kh8 29.Qd4 Nf7
30.Qd2 h6 31.R3h2 Kh7 32.Nc4 Ng6 33.Nb6 Nge5 34.Rh4 Ng6 35.R4h3 Nge5 36.R1h2 Rg3
37.Rh4 Qg5 38.Rh5 Qg7 39.Kb1 Rg5 40.R5h3 Rg3 41.Rh4 Qg5  1/2-1/2

[Event "Saitek US Masters"]
[Site "Hawaii"]
[Date "1998.07.24"]
[Round "4"]
[White "Benjamin, Joel"]
[Black "Shahade, Gregory"]
[Result "1/2-1/2"]
[WhiteElo "2595"]
[BlackElo "2355"]

1.e4 c5 2.Nf3 d6 3.c3 Nf6 4.Be2 Nbd7 5.d3 b6 6.Bg5 Bb7 7.Nbd2 e6 8.d4 cxd4
9.cxd4 Be7 10.Bxf6 Nxf6 11.Bb5+ Nd7 12.a4 O-O 13.O-O Rc8 14.Qe2 Rc7 15.Bd3 Qb8
16.Nb1 Rd8 17.Nc3 Nf8 18.Qe3 a6 19.Rfd1 Nd7 20.h3 Re8 21.Ne2 Qa8 22.Ng3 Nf6
23.Nd2 Bf8 24.Kh1 Qd8 25.Qe2 Qa8 26.f4 g6 27.Rf1 Bg7 28.Rae1 Bc6 29.b3 Bb7
30.e5 dxe5 31.fxe5 Nd5 32.Nc4 Rf8 33.Rf2 b5 34.axb5 axb5 35.Nd6 Nc3 36.Qg4 Qa3
37.Ref1 f5 38.exf6 Qxd6 39.fxg7 Rxf2 40.Rxf2 Rxg7 41.Be4 Nxe4 42.Nxe4 Bxe4
43.Qxe4 Rf7 44.Rxf7 Kxf7 45.Qb7+ Kf6 46.Qxh7 Qg3 47.Qh8+ Kf7 48.Qh7+  1/2-1/2

[Event "Saitek US Masters"]
[Site "Hawaii"]
[Date "1998.07.26"]
[Round "6"]
[White "Benjamin, Joel"]
[Black "Datu, Idelfonso"]
[Result "1/2-1/2"]
[WhiteElo "2595"]
[BlackElo "2335"]

1.e4 e5 2.Nf3 Nc6 3.Bb5 a6 4.Ba4 Nf6 5.O-O Nxe4 6.d4 b5 7.Bb3 d5 8.dxe5 Be6
9.Be3 Bc5 10.Bxc5 Nxc5 11.Nd4 Qd7 12.Nc3 Rd8 13.Nce2 O-O 14.c3 Ne7 15.Bc2 f6
16.exf6 Rxf6 17.Ng3 Bf7 18.f4 Nc6 19.b4 Nxd4 20.Qxd4 Nb7 21.Rae1 c5 22.bxc5 Qc7
23.Kh1 Qxc5 24.Qd3 Bg6 25.f5 Bf7 26.Bb3 Qd6 27.Qd4 Nc5 28.Re3 Nxb3 29.axb3 Qb6
30.Qd2 d4 31.Rd3 Bxb3 32.Rxd4 Rxd4 33.cxd4 Bd5 34.Re1 Rf8 35.Re5 Bf7 36.Ne4 b4
37.Nc5 b3 38.Qb2 Qb4 39.h3 a5 40.Nd3 Qc4 41.Nc5 a4 42.Re1 Qb4 43.Nd3 Qa5
44.Re5 Qa6 45.Qc3 Ra8 46.Re7 Qc4 47.Qe1 a3 48.Ne5 a2 49.Nxc4 a1=Q 50.Nd2 Qxe1+
51.Rxe1 b2 52.Kh2 Ra1 53.Rb1 Rxb1 54.Nxb1 Bd5 55.g4 Kf7 56.Kg3 Be4 57.Nc3 b1=Q
58.Nxb1 Bxb1 59.Kf4 Bd3 60.h4 Be2 61.g5 Ba6 62.Ke5 Bc8 63.d5 Ba6 64.h5 Bc8
65.g6+ hxg6 66.hxg6+  1/2-1/2

[Event "Saitek US Masters"]
[Site "Hawaii"]
[Date "1998.07.29"]
[Round "9"]
[White "Martinez, Marce"]
[Black "Benjamin, Joel"]
[Result "0-1"]
[WhiteElo "2270"]
[BlackElo "2595"]

1.e4 c5 2.Nf3 e6 3.d3 Nc6 4.g3 d5 5.Nbd2 Nge7 6.Bg2 g6 7.O-O Bg7 8.h4 h6
9.Qe2 b6 10.Re1 Bb7 11.c3 Qc7 12.a3 O-O-O 13.e5 Kb8 14.b4 g5 15.b5 g4 16.bxc6 gxf3
17.Nxf3 Nxc6 18.d4 Bf8 19.Be3 Na5 20.Nd2 Rc8 21.Red1 cxd4 22.cxd4 Qd7 23.Qh5 Ba6
24.Bf1 Bxf1 25.Rxf1 Rc3 26.a4 Bb4 27.Rfb1 Rxe3 28.Rxb4 Rc3 29.Nf3 Rg8 30.Nd2 Rg6
31.Kh2 Qc7 32.Rb2 Rd3 33.Qe2 Qc3 34.Nb1 Qxd4 35.Ra3 Rxa3 36.Nxa3 Qxa4 37.Qf3 Qd7
38.Qc3 Nb7 39.Nb5 Rg8 40.Qa3 Na5 41.Nd6 Nc4 42.Nxc4 dxc4 43.Qe3 h5 44.Rd2 Qc7
45.Qf4 c3 46.Rc2 Rc8 47.Qg5 Qc4  0-1

[Event "Cardoza US op"]
[Site "Kona"]
[Date "1998.08.03"]
[Round "3"]
[White "Wang, P."]
[Black "Benjamin, Joel"]
[Result "1/2-1/2"]
[WhiteElo "2225"]
[BlackElo "2595"]

1.d4 Nf6 2.c4 d6 3.Nc3 Bf5 4.g3 e5 5.Nf3 Nbd7 6.Bg2 c6 7.O-O h6 8.Qb3 Qc7
9.Rd1 Be7 10.h3 O-O 11.Be3 exd4 12.Nxd4 Nc5 13.Qa3 Bg6 14.b4 Nce4 15.Rac1 Rfe8
16.Bf4 Qc8 17.Qb2 Nxc3 18.Qxc3 Ne4 19.Qb3 a5 20.b5 a4 21.Qf3 Bf6 22.bxc6 bxc6
23.Qa3 Ra6 24.Nb5 Be7 25.Nxd6 Bxd6 26.Bxd6 Nxd6 27.Qxd6 Rxe2 28.Rd2 Rxd2
29.Qxd2 c5 30.a3 Kh7 31.Kh2 Rb6 32.Rc3 Rb3 33.Bd5 Qf5 34.Kg2 Qb1 35.Re3 Qa1
36.Re7 Qd4 37.Qe2 Rxa3 38.Bxf7 Bxf7 39.Rxf7 Rc3 40.Rf4 Qd3 41.Qxd3+ Rxd3
42.Rf5 Rc3 43.Rxc5 a3 44.Ra5 Rxc4 45.Rxa3  1/2-1/2

[Event "Cardoza US op"]
[Site "Kona"]
[Date "1998.08.05"]
[Round "5"]
[White "Coupet, Pascal"]
[Black "Benjamin, Joel"]
[Result "0-1"]
[WhiteElo "2270"]
[BlackElo "2595"]

1.e4 c5 2.c3 Nf6 3.e5 Nd5 4.d4 cxd4 5.Nf3 Nc6 6.Bc4 e6 7.cxd4 d6 8.O-O Be7
9.Qe2 O-O 10.a3 a6 11.Qe4 Qc7 12.Bg5 dxe5 13.Bxe7 Ndxe7 14.dxe5 Ng6 15.Re1 b5
16.Bf1 Bb7 17.Qe3 Rad8 18.b4 Qb8 19.Nc3 Nce7 20.Bd3 Bxf3 21.Qxf3 Nxe5 22.Bxh7+ Kxh7
23.Qh5+ Kg8 24.Qxe5 Qxe5 25.Rxe5 Rd4 26.Rc5 Rc8 27.Rxc8+ Nxc8 28.f3 Nd6 29.Re1 Kf8
30.Kf2 Rd3 31.Rc1 Rd2+ 32.Ne2 Nc4 33.a4 Rb2 34.axb5 axb5 35.f4 Rxb4 36.Nd4 Nb6
37.Ne2 Nd5 38.g3 Rb2 39.Rc8+ Ke7 40.Rb8  0-1

[Event "Cardoza US op"]
[Site "Kona"]
[Date "1998.08.06"]
[Round "6"]
[White "Benjamin, Joel"]
[Black "Shaked, Tal"]
[Result "1/2-1/2"]
[WhiteElo "2595"]
[BlackElo "2490"]

1.e4 e6 2.d4 d5 3.e5 c5 4.c3 Qb6 5.Nf3 Nc6 6.Be2 Nh6 7.Bd3 cxd4 8.cxd4 Nf5
9.Bxf5 exf5 10.Nc3 Be6 11.Ne2 h6 12.h4 O-O-O 13.Kf1 Kb8 14.Kg1 Be7 15.Rb1 f4
16.Nxf4 Bf5 17.Ra1 Be4 18.Ne2 f6 19.Rh3 Rhf8 20.Bf4 Ka8 21.exf6 Bxf6 22.Ne5 Bxe5
23.dxe5 d4 24.Qd2 Qc5 25.Re1 Bf5 26.Rg3 Nxe5 27.Bxe5 Qxe5 28.Nf4 Qf6 29.Nh5 Qxh4
30.Nxg7 Bc8 31.Ne6 Bxe6 32.Rxe6 Rf6 33.Qe1 a6 34.Re8 Rd6 35.Rgg8 Ka7 36.Qe5 Rd5
37.Qc7 Rxe8 38.Rxe8 Qf6 39.Qb8+ Kb6 40.Rc8 Qd6 41.Qxd6+ Rxd6 42.Kf1 d3 43.Ke1  1/2-1/2

[Event "Cardoza US op"]
[Site "Kona"]
[Date "1998.08.08"]
[Round "8"]
[White "Benjamin, Joel"]
[Black "Gufeld, Eduard"]
[Result "1-0"]
[WhiteElo "2595"]
[BlackElo "2465"]

1.e4 c5 2.Nf3 d6 3.d4 cxd4 4.Qxd4 a6 5.c4 Nf6 6.Nc3 Nc6 7.Qd2 e6 8.Be2 Be7
9.O-O O-O 10.b3 Qa5 11.Bb2 Rd8 12.Rfd1 b5 13.cxb5 axb5 14.a3 Bb7 15.b4 Qb6
16.Qe1 Ba6 17.Qf1 Rab8 18.Rac1 d5 19.exd5 exd5 20.Na4 bxa4 21.Bxa6 Ne4 22.Bd3 Bd6
23.Rc2 Bf4 24.g3 Bh6 25.Re2 f5 26.Qh3 Rf8 27.Bb1 Rbe8 28.Ba2 Ne7 29.Ne5 Qb5
30.Rxe4 fxe4 31.Qe6+ Kh8 32.Qxh6 Nf5 33.Ng6+ Kg8 34.Rxd5  1-0

[Event "USA-ch Gr-B"]
[Site "Denver"]
[Date "1998.10.31"]
[Round "1"]
[White "Benjamin, Joel"]
[Black "Sokolin, Leonid M"]
[Result "1/2-1/2"]
[WhiteElo "2595"]
[BlackElo "2515"]

1.e4 e5 2.Bc4 Nf6 3.d3 c6 4.Nf3 d5 5.Bb3 Nbd7 6.O-O Bd6 7.Nc3 d4 8.Ne2 Nc5
9.c3 Nxb3 10.axb3 dxc3 11.bxc3 O-O 12.Ng3 Re8 13.Nh4 g6 14.h3 Be6 15.Nf3 Qc7
16.Ng5 a5 17.Nxe6 Rxe6 18.b4 b5  1/2-1/2

[Event "USA-ch Gr-B"]
[Site "Denver"]
[Date "1998.11.03"]
[Round "4"]
[White "Benjamin, Joel"]
[Black "Shaked, Tal"]
[Result "1-0"]
[WhiteElo "2595"]
[BlackElo "2490"]

1.e4 c5 2.Nf3 Nc6 3.Bb5 e6 4.O-O Nge7 5.Re1 Ng6 6.c3 d5 7.Qa4 Qd6 8.exd5 Qxd5
9.d4 cxd4 10.cxd4 Be7 11.Nc3 Qd6 12.h4 Bd7 13.h5 Nf8 14.d5 Nb4 15.Ne5 a6
16.Bxd7+ Nxd7 17.Nxf7 Kxf7 18.dxe6+ Kf8 19.exd7 Rd8 20.Bg5 Bxg5 21.Re8+ Kf7
22.Qb3+ Nd5 23.Rxh8 Rxh8 24.Nxd5 Qxd7 25.Nc7+ Kf6 26.Qf3+  1-0

[Event "USA-ch Gr-B"]
[Site "Denver"]
[Date "1998.11.04"]
[Round "5"]
[White "Yermolinsky, Alex"]
[Black "Benjamin, Joel"]
[Result "0-1"]
[WhiteElo "2625"]
[BlackElo "2595"]

1.d4 d6 2.e4 Nf6 3.Nc3 g6 4.Nf3 Bg7 5.Be2 O-O 6.O-O e6 7.e5 dxe5 8.dxe5 Qxd1
9.Rxd1 Nfd7 10.Nb5 a6 11.Nbd4 Nxe5 12.Bf4 Nbd7 13.c3 Nxf3+ 14.Nxf3 e5 15.Be3 Re8
16.Bc4 h6 17.Nd2 Nf6 18.Nb3 b6 19.a4 a5 20.Bb5 Rf8 21.Bc6 Rb8 22.Nd2 Be6
23.Nf3 Ng4 24.Bd5 Bd7 25.h3 Nxe3 26.fxe3 Rbe8 27.e4 Re7 28.b4 Kh7 29.b5 f5
30.Re1 Bf6 31.Rad1 f4 32.Rd3 g5 33.Red1 Bc8 34.Bc6 Be6 35.Bd5 Bc8 36.Bc6 h5
37.Bd7 Bxd7 38.Rxd7 Rff7 39.Rxe7 Rxe7 40.Rd5 Kg6 41.c4 Re6 42.c5 g4 43.cxb6 cxb6
44.hxg4 hxg4 45.Nd2 Be7 46.Nc4 Kf6 47.Kf1 Bb4 48.Ke2 Bc3 49.Rd6 Bd4 50.Rxe6+ Kxe6
51.Kf1 Bc5 52.Ke2 Bg1 53.Ke1 Bd4 54.Kf1 Kd7 55.Ke1 Kc7 56.Kf1 Kd7 57.Ke1 Ke7
58.Ke2 Kf6 59.Nd6 Kg5 60.Kf1 g3 61.Nc4 Kg4 62.Nd2 f3 63.Nxf3 Kf4 64.Ke2 Kxe4
65.Nd2+ Kd5 66.Kd3 Kc5 67.Ne4+ Kb4 68.Nxg3 Kxa4 69.Ne4 Kxb5 70.g4 Kc6 71.g5 Kd7
72.Kc4 Ke7  0-1

[Event "USA-ch final"]
[Site "Denver"]
[Date "1998.11.16"]
[Round "2"]
[White "De Firmian, Nick E"]
[Black "Benjamin, Joel"]
[Result "1/2-1/2"]
[WhiteElo "2605"]
[BlackElo "2595"]

1.e4 g6 2.d4 Bg7 3.Nc3 d6 4.f4 Nc6 5.Be3 Nf6 6.Nf3 e6 7.h3 O-O 8.Qd2 Ne7
9.Bd3 b6 10.O-O-O Bb7 11.Rhe1 c5 12.Bf2 Rc8 13.Kb1 c4 14.Bf1 d5 15.e5 Ne4
16.Nxe4 dxe4 17.Ng5 c3 18.bxc3 b5 19.Ka1 Bd5 20.Nxe4 Bxe4 21.Rxe4 Nd5 22.c4 bxc4
23.c3 Qa5 24.Be1 Qa4 25.Rc1 Rb8 26.Qc2 Qc6 27.Bd2 Rb6 28.Ree1 Rfb8 29.Rb1 Nc7
30.Rxb6 Rxb6 31.Rb1 Nb5 32.Bc1 Bf8 33.g4 Ra6 34.f5 Ra5 35.fxe6 fxe6 36.h4 Ba3
37.h5 Bxc1 38.Qxc1 Rxa2+ 39.Kxa2 Qa6+ 40.Kb2 Qa3+ 41.Kc2 Qxc3+ 42.Kd1 Qf3+
43.Be2 Nc3+ 44.Kd2 Ne4+ 45.Kd1  1/2-1/2

[Event "USA-ch final"]
[Site "Denver"]
[Date "1998.11.17"]
[Round "3"]
[White "Benjamin, Joel"]
[Black "De Firmian, Nick E"]
[Result "1/2-1/2"]
[WhiteElo "2595"]
[BlackElo "2605"]

1.e4 c5 2.Nf3 d6 3.d4 cxd4 4.Nxd4 Nf6 5.Nc3 a6 6.a4 g6 7.Be2 Bg7 8.O-O O-O
9.Be3 Nbd7 10.f4 Qc7 11.Kh1 Rb8 12.Bf3 Nb6 13.Qd3 e5 14.Nde2 Nc4 15.Bc1 exf4
16.Nxf4 Ne5 17.Qe2 Be6 18.Nxe6 fxe6 19.Bf4 Nxf3 20.Rxf3 Nh5 21.Bd2 Rxf3 22.Qxf3 Rf8
23.Qd3 Nf6 24.Rf1  1/2-1/2

[Event "National Congress 29th"]
[Site "Philadelphia"]
[Date "1998.11.27"]
[Round "1"]
[White "Furdzik, Rafal"]
[Black "Benjamin, Joel"]
[Result "0-1"]
[WhiteElo "2250"]
[BlackElo "2595"]

1.e4 c5 2.c3 Nf6 3.e5 Nd5 4.d4 cxd4 5.cxd4 d6 6.Bc4 e6 7.Nf3 Nc6 8.O-O Be7
9.Bd2 Nb6 10.Bb3 O-O 11.Qe2 dxe5 12.dxe5 Nd4 13.Nxd4 Qxd4 14.Nc3 Nd7 15.Rfe1 Nxe5
16.Be3 Qg4 17.f3 Qh5 18.Qb5 a6 19.Qb6 Nd7 20.Qc7 Qe5 21.Qxe5 Nxe5 22.Rad1 b5
23.Bb6 Nd7 24.Bc7 Ra7 25.Bd6 Nc5 26.Bc2 Bxd6 27.Rxd6 Rc7 28.Bb1 Nb7 29.Rd2 Rd8
30.Red1 Rxd2 31.Rxd2 Kf8 32.Kf2 h6 33.a3 Na5 34.f4 Nc4 35.Re2 Nxa3 36.Be4 Nc4
37.Nd1 Nd6 38.Bf3 Nf5 39.Rd2 Ke7 40.g3 Bd7 41.Nc3 Nd6 42.Re2 Kd8 43.Ke1 Rc5
44.Ne4 Nxe4 45.Bxe4 b4 46.Kd2 Kc7 47.Re1 a5 48.Ke3 Bc6 49.Bd3 Kb6 50.g4 a4
51.h4 Ka5 52.g5 hxg5 53.hxg5 b3 54.g6 fxg6 55.Kd4 Rd5+ 56.Kc3 g5 57.Rxe6 Bb5
58.Bxb5 Kxb5 59.fxg5 Rxg5 60.Re8 Rc5+ 61.Kd3 Rc2 62.Rb8+ Kc5 63.Rc8+ Kd5
64.Ra8 Rxb2 65.Rxa4 Rg2 66.Ra5+ Kc6 67.Kc4 b2 68.Rc5+ Kd6 69.Rb5 g5 70.Kd4 g4
71.Ke3 Kc6 72.Rb8 Kc5 73.Ke4 Kc4 74.Ke3  0-1

[Event "National Congress 29th"]
[Site "Philadelphia"]
[Date "1998.11.27"]
[Round "2"]
[White "Benjamin, Joel"]
[Black "Popovych, Orest"]
[Result "1/2-1/2"]
[WhiteElo "2595"]
[BlackElo "2295"]

1.e4 c5 2.Nf3 d6 3.c3 Nf6 4.Bd3 Bg4 5.Bc2 Nc6 6.d3 e6 7.Nbd2 Be7 8.O-O Qc7
9.Re1 d5 10.Ba4 O-O 11.Bxc6 bxc6 12.c4 Rad8 13.Qe2 Nh5 14.Nb3 Nf4 15.Bxf4 Qxf4
16.Qe3 Qxe3 17.Rxe3 d4 18.Ree1 Bxf3 19.gxf3 Rb8 20.f4 Rb6 21.Kg2 Ra8 22.Rab1 Rab8
23.Kf3 a5 24.Re2 a4 25.Na1 Kf8 26.b3 Ke8 27.Rg1 g6 28.bxa4 Ra8 29.Nb3 Rxa4
30.Rb2 Kd7 31.Rgb1 Kc7 32.Nd2 Rbb4 33.Ke2 f6 34.Nb3 Ra7 35.Kf3 Ra3 36.Ke2 Ra7
37.h3 Rba4 38.Nc1 Bd6 39.Kf3 Rb4 40.Rb3 Rba4 41.Rb8 Rb4 42.R1xb4 cxb4 43.Re8 Ra3
44.Rxe6 Rc3 45.e5 fxe5 46.fxe5 Bxe5 47.Nb3 Bd6 48.Ke4 Kd7 49.Rf6 Rc2 50.Kxd4 Rxa2
51.Nc5+ Bxc5+ 52.Kxc5 b3 53.Rd6+ Ke7 54.Rxc6 Rxf2 55.Rb6 b2 56.d4 g5 57.d5 Kd7
58.d6 Rd2 59.Rb7+ Ke6 60.Re7+ Kf6 61.Re1 Kf7 62.Kc6 Rc2 63.Rf1+ Ke6 64.Re1+ Kf7
65.Rf1+  1/2-1/2

[Event "National Congress 29th"]
[Site "Philadelphia"]
[Date "1998.11.28"]
[Round "4"]
[White "Benjamin, Joel"]
[Black "Sarkar, Justin"]
[Result "1-0"]
[WhiteElo "2595"]
[BlackElo "2195"]

1.e4 e6 2.d4 d5 3.Nc3 Nf6 4.e5 Nfd7 5.f4 c5 6.Nf3 Nc6 7.Be3 cxd4 8.Nxd4 Qb6
9.Qd2 Qxb2 10.Rb1 Qa3 11.Bb5 Ndb8 12.f5 Bd7 13.fxe6 fxe6 14.Bxc6 bxc6 15.O-O Be7
16.Rb3 Qa5 17.Bg5 Qc5 18.Ne2 Bxg5 19.Qxg5 Qe7 20.Qh5+ g6 21.Qh6 c5 22.Nf3 Nc6
23.Rb7 Rf8 24.h3 Na5 25.Rbb1 Nc4 26.Nf4 O-O-O 27.Nd3 Kc7 28.Ng5 Na3 29.Rbc1 c4
30.Nf4 Rf5 31.Nf3 Qc5+ 32.Kh2 Rdf8 33.Ne2 c3 34.Ned4 Rf4 35.Qxh7 Kc8 36.Nb3 Qe3
37.Rce1 Qb6 38.Qe7 Nxc2 39.Rc1 R8f7 40.Qg5 Bb5 41.Rxc2 Bxf1 42.Rxc3+ Rc4
43.Qxg6 Rxc3 44.Qg8+ Kb7 45.Qxf7+ Rc7 46.Qg6 Bc4 47.Nbd4 Bxa2 48.Nxe6 Re7
49.Nfd4 a5 50.Qf6 Rxe6 51.Nxe6 d4 52.Qe7+ Kb8 53.Qe8+ Ka7 54.Qd7+ Qb7 55.Qxd4+ Qb6
56.Nc5 Qb4 57.Qxb4 axb4 58.Nd3 b3 59.e6 b2 60.Nxb2  1-0

[Event "National Congress 29th"]
[Site "Philadelphia"]
[Date "1998.11.29"]
[Round "5"]
[White "Shahade, Gregory"]
[Black "Benjamin, Joel"]
[Result "1/2-1/2"]
[WhiteElo "2355"]
[BlackElo "2595"]

1.e4 e5 2.Nf3 Nc6 3.Bb5 a6 4.Ba4 Nf6 5.d4 exd4 6.O-O Be7 7.Re1 b5 8.e5 Nxe5
9.Rxe5 bxa4 10.Nxd4 O-O 11.Qf3 Rb8 12.Nf5 Re8 13.Qg3 g6 14.Bg5 Rb6 15.Nc3 Bb7
16.Rae1 Re6 17.Rxe6 fxe6 18.Nxe7+ Qxe7 19.Qxc7 Bc6 20.Qe5 Kg7 21.Ne4 Bxe4
22.Rxe4 a3 23.Rf4 Rf8 24.bxa3 h6 25.Bxf6+ Rxf6 26.Rd4 Kf7 27.Rd6 a5 28.h3 Qd8
29.Qd4 Ke7 30.Qc5 Rf5 31.Rd5+ Kf7 32.Rxf5+ gxf5 33.c4 Qg5 34.Qd4 Qc1+ 35.Kh2 Ke7
36.Qc5+ Ke8 37.Qc8+ Ke7 38.Qc5+ Ke8 39.a4 Qf4+ 40.g3 Qd2 41.Kg2 Kf7 42.a3 Ke8
43.Qe5 Kf7 44.Qh8 Ke7 45.Qh7+ Ke8 46.Qg8+  1/2-1/2